000 00683nam a2200241Ia 4500
001 16040
003 GE_BSU
008 181216s||||||||xx |||||||||||||| ||und||
040 _cGE_BSU
080 _a821.353.1-311.6
100 _aჯაყელი, ჯემალ
245 _aმუჰაჯირი.(წ. 2)
245 _bისტორიული რომანი
245 _cრედ.გ.ფაღავა
260 _aბათუმი
260 _bაჭარა
260 _c1995
300 _a196გვ.20სმ.
541 _h5ლ.
653 _aისტორიული რომანი
653 _aმუჰაჯირი
942 _cBK
999 _c49130
_d49130